Atlas argentino y universal /

Guardado en:
Autor Principal: La Forgia, Hugo
Otros Autores: Videla, Leopoldo, dir.
Formato: Libro
Publicado: Buenos Aires : H.f. Sociedad Anónima
Materias:
Etiquetas: Agregar Etiqueta
Sin Etiquetas, Sea el primero en etiquetar este registro!
LEADER 00691nam a22002295a 4500
001 CEM.cems011637
005 20071023094529.0
008 130507b######################000#0#####d
003 CEMS
082 0 4 |a C912.82 
100 1 |a La Forgia, Hugo 
245 1 0 |a Atlas argentino y universal /  |c Dirigido Por Hugo La Forgia y Leopoldo Videla 
260 |a Buenos Aires :  |b H.f. Sociedad Anónima 
300 |a 128 p. 
500 |a Incluye mapas mudos del ciclo escolar. 
653 |a Atlas 
653 |a Atlas argentino 
653 |a Atlas universal 
653 |a Geografía 
653 |a Argentina 
700 1 |a Videla, Leopoldo, dir. 
859 |a CEMS  |b BIB. CEMS - 11 de abril  |h C912.82  |i At65-1  |p 12402.83  |t Ej.1